[Event "ECF Schools-ch"]
[Site "Nottingham"]
[Date "2024.06.27"]
[Round "2.6"]
[White "Martin, George"]
[Black "Reid, James El"]
[Result "1-0"]
[WhiteElo "1446"]
[BlackElo "1356"]
[PlyCount "67"]
[EventDate "2024.06.27"]
[EventType "team-swiss"]
[EventRounds "5"]
[EventCountry "ENG"]
[SourceTitle "EXT 2025"]
[Source "ChessBase"]
[SourceDate "2024.10.14"]
[SourceVersion "1"]
[SourceVersionDate "2024.10.14"]
[SourceQuality "1"]
[WhiteTeam "Hereford Cathedral School"]
[BlackTeam "RGS Newcastle"]
[WhiteTeamCountry "ENG"]
[BlackTeamCountry "ENG"]

1. e4 c5 2. Nf3 Nc6 3. Nc3 a6 4. d4 cxd4 5. Nxd4 e5 6. Nxc6 bxc6 7. Bc4 Nf6 8. Bg5 Be7 9. Bxf6 Bxf6 10. Qd3 0-0 11. Na4 Qa5+ 12. Qc3 Qxc3+ 13. Nxc3 Bb7 14. 0-0-0 Rfd8 15. f3 Be7 16. Rd3 a5 17. Rhd1 d6 18. g3 h5 19. h4 Ba6 20. Bxa6 Rxa6 21. Na4 d5 22. exd5 cxd5 23. Rxd5 Rxd5 24. Rxd5 f6 25. Nc5 Bxc5 26. Rxc5 a4 27. Rc3 Kh7 28. Ra3 g5 29. b3 g4 30. fxg4 Rc6 31. bxa4 Rd6 32. a5 e4 33. c4 Kg6 34. c5 1-0

[Event "ECF Schools-ch"]
[Site "Nottingham"]
[Date "2024.06.27"]
[Round "3.6"]
[White "Reid, James El"]
[Black "Miller, Kai"]
[Result "0-1"]
[WhiteElo "1356"]
[BlackElo "1443"]
[PlyCount "50"]
[EventDate "2024.06.27"]
[EventType "team-swiss"]
[EventRounds "5"]
[EventCountry "ENG"]
[SourceTitle "EXT 2025"]
[Source "ChessBase"]
[SourceDate "2024.10.14"]
[SourceVersion "1"]
[SourceVersionDate "2024.10.14"]
[SourceQuality "1"]
[WhiteTeam "RGS Newcastle"]
[BlackTeam "King Edward School"]
[WhiteTeamCountry "ENG"]
[BlackTeamCountry "ENG"]

1. e4 e5 2. Nc3 Nc6 3. Bc4 Nf6 4. Nf3 Nxe4 5. Nxe4 d5 6. Bxd5 Qxd5 7. d3 Bg4 8. 0-0 Be7 9. Re1 Nd4 10. b3 Nxf3+ 11. gxf3 Bh3 12. Bb2 0-0-0 13. Nd2 Bd6 14. Nc4 f6 15. Ne3 Qf7 16. Nf1 Qg6+ 17. Ng3 h5 18. Qe2 h4 19. Kh1 hxg3 20. fxg3 Bd7 21. Qf2 Rh7 22. Qxa7 c6 23. Qf2 Rdh8 24. h4 Qf7 25. c4 g5 0-1

[Event "ECF Schools-ch"]
[Site "Nottingham"]
[Date "2024.06.27"]
[Round "1.6"]
[White "Wastell, William"]
[Black "Reid, James El"]
[Result "0-1"]
[WhiteElo "1564"]
[BlackElo "1356"]
[PlyCount "58"]
[EventDate "2024.06.27"]
[EventType "team-swiss"]
[EventRounds "5"]
[EventCountry "ENG"]
[SourceTitle "EXT 2025"]
[Source "ChessBase"]
[SourceDate "2024.10.14"]
[SourceVersion "1"]
[SourceVersionDate "2024.10.14"]
[SourceQuality "1"]
[WhiteTeam "Nottingham High School"]
[BlackTeam "RGS Newcastle"]
[WhiteTeamCountry "ENG"]
[BlackTeamCountry "ENG"]

1. e4 c5 2. Nf3 Nc6 3. Nc3 a6 4. d4 cxd4 5. Nxd4 e5 6. Nf5 d6 7. Ng3 Nf6 8. h3 Be7 9. Bc4 0-0 10. Nd5 Nxd5 11. Bxd5 Nb4 12. 0-0 Qc7 13. c3 Nxd5 14. exd5 Bd7 15. Be3 Rac8 16. Qb3 Bb5 17. Rfe1 Bc4 18. Bb6 Bxb3 19. Bxc7 Bxd5 20. Bb6 Be6 21. Re4 f5 22. Ra4 g6 23. Re1 Bd7 24. Ra5 Rc6 25. Be3 Bd8 26. Ra3 f4 27. Bxf4 exf4 28. Ne4 Re8 29. f3 d5 0-1